[Event "Pinneberg-ch"]
[Site "Pinneberg"]
[Date "2009.10.08"]
[Round "7"]
[White "Haaker, Michael"]
[Black "Mungard, Jens Uwe"]
[Result "1/2-1/2"]
[WhiteElo "1482"]
[BlackElo "1494"]
[PlyCount "120"]
[EventDate "2009.08.27"]
[EventType "swiss"]
[EventRounds "7"]
[EventCountry "GER"]
[SourceTitle "EXT 2012"]
[Source "ChessBase"]
[SourceDate "2011.11.24"]
[SourceVersion "1"]
[SourceVersionDate "2011.11.24"]
[SourceQuality "1"]

1. d4 d5 2. Nf3 Nf6 3. e3 e6 4. c4 c5 5. Nc3 cxd4 6. Nxd4 Nc6 7. cxd5 Nxd4 8. Qxd4 exd5 9. a3 a6 10. Be2 Be6 11. 0-0 Rc8 12. b4 Bd6 13. Bb2 Qc7 14. g3 Be5 15. Qc5 Qxc5 16. bxc5 Rxc5 17. Rac1 0-0 18. Na4 Rxc1 19. Rxc1 Bxb2 20. Nxb2 Rc8 21. Rxc8+ Bxc8 22. Na4 Bd7 23. Nb6 Bc6 24. Bd1 Kf8 25. Ba4 Ke7 26. Kg2 Kd6 27. Bxc6 bxc6 28. Na4 c5 29. Kf3 Kc6 30. Nc3 h5 31. h3 g5 32. e4 d4 33. Ne2 Nd7 34. h4 Ne5+ 35. Kg2 g4 36. Nf4 d3 37. Kf1 c4 38. Ke1 c3 39. Nxh5 Kc5 40. Nf4 Kd4 41. Kd1 c2+ 42. Kc1 Kc3 43. Nd5+ Kb3 44. Nf4 Kc3 45. Nd5+ Kd4 46. h5 Kxe4 47. Ne3 Kf3 48. h6 Ng6 49. h7 Nh8 50. a4 Kxf2 51. Nxg4+ Kxg3 52. Ne5 Kf4 53. Nxd3+ Kg5 54. Kxc2 Kh6 55. a5 Kxh7 56. Nc5 Ng6 57. Nxa6 Ne7 58. Nc7 Nc8 59. a6 f5 60. Nb5 f4 1/2-1/2

[Event "Pinneberg-ch"]
[Site "Pinneberg"]
[Date "2009.10.01"]
[Round "6"]
[White "Sachse, Theo"]
[Black "Haaker, Michael"]
[Result "0-1"]
[WhiteElo "1287"]
[BlackElo "1482"]
[PlyCount "60"]
[EventDate "2009.08.27"]
[EventType "swiss"]
[EventRounds "7"]
[EventCountry "GER"]
[SourceTitle "EXT 2012"]
[Source "ChessBase"]
[SourceDate "2011.11.24"]
[SourceVersion "1"]
[SourceVersionDate "2011.11.24"]
[SourceQuality "1"]

1. e4 e5 2. Bc4 Nf6 3. Nc3 Bc5 4. h3 a6 5. Nf3 d6 6. Ng5 0-0 7. a3 Qe7 8. Nf3 Nc6 9. 0-0 h6 10. Qe2 Nd4 11. Nxd4 Bxd4 12. Nd5 Nxd5 13. Bxd5 c6 14. Ba2 Be6 15. c3 Ba7 16. d3 Bxa2 17. Rxa2 f5 18. exf5 Rxf5 19. Be3 Qf7 20. b4 Bxe3 21. Rb2 Ba7 22. Kh1 Rf8 23. f3 g5 24. Kh2 h5 25. Qe4 d5 26. Qe2 g4 27. hxg4 hxg4 28. f4 Qh5+ 29. Kg3 Rxf4 30. Rxf4 exf4# 0-1

[Event "Pinneberg-ch"]
[Site "Pinneberg"]
[Date "2008.10.02"]
[Round "6"]
[White "Haaker, Michael"]
[Black "Ladda, Niels"]
[Result "0-1"]
[WhiteElo "1200"]
[BlackElo "1458"]
[PlyCount "88"]
[EventDate "2008.08.28"]
[EventType "swiss"]
[EventRounds "7"]
[EventCountry "GER"]
[SourceTitle "EXT 2011"]
[Source "ChessBase"]
[SourceDate "2010.11.26"]
[SourceVersion "1"]
[SourceVersionDate "2010.11.26"]
[SourceQuality "1"]

1. Nf3 Nf6 2. d4 c5 3. c3 e6 4. Bg5 d5 5. Nbd2 cxd4 6. cxd4 Be7 7. Bxf6 Bxf6 8. e3 Nc6 9. a3 a5 10. Bb5 Bd7 11. 0-0 0-0 12. Rc1 Na7 13. Bxd7 Qxd7 14. a4 Nc6 15. Qb3 Be7 16. Nb1 f6 17. Rfd1 Nb4 18. Nc3 Rfc8 19. Nb5 b6 20. h3 Rxc1 21. Rxc1 Rc8 22. Rxc8+ Qxc8 23. Qc3 Qxc3 24. Nxc3 Nd3 25. Nd1 Kf7 26. Kf1 Bb4 27. Ke2 Nc1+ 28. Kf1 Ke8 29. Ne1 Kd7 30. Nc2 Bd2 31. Nc3 Bxc3 32. bxc3 Na2 33. Ke2 Nxc3+ 34. Kd3 Nxa4 35. e4 dxe4+ 36. Kc4 Kc6 37. Kb3 b5 38. Ne3 Nb6 39. Kc3 Nd5+ 40. Kb3 Nxe3 41. fxe3 Kd5 42. Kc3 e5 43. g3 exd4+ 44. exd4 b4+ 0-1

[Event "Pinneberg-ch"]
[Site "Pinneberg"]
[Date "2008.09.25"]
[Round "5"]
[White "Loesekamm, Heinrich"]
[Black "Haaker, Michael"]
[Result "0-1"]
[WhiteElo "1194"]
[BlackElo "1200"]
[PlyCount "89"]
[EventDate "2008.08.28"]
[EventType "swiss"]
[EventRounds "7"]
[EventCountry "GER"]
[SourceTitle "EXT 2011"]
[Source "ChessBase"]
[SourceDate "2010.11.26"]
[SourceVersion "1"]
[SourceVersionDate "2010.11.26"]
[SourceQuality "1"]

1. e4 e5 2. Bc4 Nf6 3. a3 Nxe4 4. d3 Nd6 5. Bb3 b6 6. Nc3 Bb7 7. Qg4 f5 8. Qh3 Be7 9. Nd5 Nc6 10. Nxe7 Qxe7 11. Nf3 f4 12. 0-0 0-0-0 13. Re1 g6 14. Bxf4 Nf7 15. Bg3 Ng5 16. Nxg5 Qxg5 17. Bh4 Qh5 18. Bxd8 Qxh3 19. gxh3 Kxd8 20. Bd5 d6 21. Bxc6 Bxc6 22. b4 Rf8 23. Re3 Rf5 24. a4 a6 25. c4 Bb7 26. a5 d5 27. axb6 cxb6 28. cxd5 Kd7 29. f4 exf4 30. Re6 b5 31. Rae1 Rg5+ 32. Kf2 Bxd5 33. Re7+ Kd6 34. Rg1 Rh5 35. Rf7 Bxf7 36. Rg4 Ke5 37. h4 Be6 38. Kf3 Bxg4+ 39. Kxg4 Rf5 40. Kf3 h5 41. h3 Kd4 42. Ke2 f3+ 43. Kf2 Kxd3 44. Ke1 f2+ 45. Kf1 0-1